000 00693nam a2200241Ia 4500
003 OSt
005 20220918184533.0
006 a|||||r|||| 00| 0
007 ta
008 220917b |||||||| |||| 00| 0 eng d
024 _a47,047
037 _cTextual
040 _aARTS
_cARTS
_beng
041 _2eng
_aeng
082 _aO41,30j1xN, M5
100 _aDuke Michael S Ed.
_966021
245 0 _aContemporary Chinese literature
_b An antholgy of Post Mao fiction and poetry
260 _aArmonk
_bM E Sharpe
_c1985
300 _a137p.
_ccm.
650 _aCHINESE LITERATURE
942 _hO41,30j1xN, M5
_cTEXL
_2CC
999 _c176925
_d176925